000 00716nam a2200265Ia 4500
001 33215
005 20240114001639.0
007 ta
008 061212s1980 g b000 u 465 u
040 _aCotton College,Assam
041 _a465
082 _a301.2
_bKe 27 Pr
100 _aKelkar, Ashok R..
245 0 _aProlegomena to an Understanding of Semiosis and Culture /
_cAshok R.Kelkar.
_hTextual Documents
250 _a1st ed. /
260 _aMysore :
_bCentral Institute of Indian Language ,
_c1980.
300 _a113p. ;
_c22cm.
653 _aSemiosis
653 _aCulture
653 _aG-Sociology
942 _2ddc
_cBK
999 _c33197
_d33197